| 000 | 00837nam a2200229 i 4500 | ||
|---|---|---|---|
| 001 | 179813 | ||
| 003 | ES-MaACL | ||
| 005 | 20250607063031.0 | ||
| 008 | 120126s2002 sp | |||| ||spa d | ||
| 020 | _a84-89794-50-2 | ||
| 080 | _a821.134.2-82"14" | ||
| 100 | 1 |
_aSantillana, Íñigo López de Mendoza, _cMarqués de, _d1398-1458 _9132444 |
|
| 245 | 1 | 0 |
_aObras completas _b: poesía, prosa / _cMarqués de Santillana ; [edición y prólogo de Angel Gómez Moreno y Maxim. P.A.M. Kerkhof]. |
| 260 |
_aMadrid : _bFundación José Antonio de Castro, _c[2002] |
||
| 300 |
_aLXXI, 606 p. ; _c23 cm. |
||
| 490 | 1 | _aBiblioteca Castro | |
| 700 | 0 |
_aGómez Moreno, Angel. _958064 |
|
| 700 | 1 |
_aKerkhof, Maxim. P. A. M. _9149220 |
|
| 830 | 0 |
_aBiblioteca Castro _9178957 |
|
| 852 |
_aES-MaACL _jL-29795 |
||
| 999 |
_c179813 _d179813 |
||